| 000 | 02089cam a22004211 4500 | ||
|---|---|---|---|
| 999 |
_c9796 _d9796 |
||
| 001 | 9796 | ||
| 003 | BD-JhCC | ||
| 005 | 20180401103754.0 | ||
| 008 | 180401m19229999enkab b 000 0 engd | ||
| 035 | _a(BD-JhCC)9796 | ||
| 035 | _a(OCoLC)875984 | ||
| 040 |
_aDLC _cRBrRW _dOCoLC _dDLC _dBD-JhCC |
||
| 041 | _aeng | ||
| 050 | 0 | 0 |
_aDS436 _b.C22 |
| 051 |
_aDS436 _b.C22 Suppl. 1953 |
||
| 051 |
_aDS436 _b.C22 Suppl. 1968 |
||
| 082 | _a954 | ||
| 245 | 0 | 4 | _aThe Cambridge history of India / |
| 260 |
_aCambridge [Eng.] _bUniversity Press, _c1922. |
||
| 300 |
_av. _billus., fold. maps. _c25 cm. |
||
| 500 | _aSupplemented by: The Indus civilization / by Sir Mortimer Wheeler (xi, 98 p. : illus., maps ; 24 cm.) published: Cambridge [Eng.] : University Press, 1953. Call number: DS436.C22 Suppl. 1953. | ||
| 500 | _aSupplemented by: The Indus civilization / by Sir Mortimer Wheeler. 2d ed. (xi, 106 p. : illus., maps ; 24 cm.) published: Cambridge [Eng.] : University Press, 1953. Call number: DS436.C22 Suppl. 1960. | ||
| 500 | _aSupplemented by: The Indus civilization / by Sir Mortimer Wheeler. 3rd ed. (xi, 143 p. : illus., maps, plans ; 24 cm.) published: Cambridge [Eng.] : University Press, 1968. Call number: DS436.C22 Suppl. 1968. | ||
| 504 | _aIncludes bibliographies. | ||
| 505 | 1 | _av. 1. Ancient India, edited by E.J. Rapson.--v. 3. Turks and Afghans, edited by W. Haig.--v. 4. The Mughul period, planned by W. Haig, edited by R. Burn.--v. 5. British India, 1497-1858, edited by H.H. Dodwell.--v. 6. The Indian Empire, 1858-1918, with chapters on the development of administration, 1818-1858, edited by H.H. Dodwell. | |
| 650 | _aCivilization | ||
| 651 | 0 |
_aIndia _xHistory. |
|
| 651 | 0 | _aTurks | |
| 651 | 0 | _aAfghans | |
| 700 | 1 |
_aRapson, E. J. _q(Edward James), _d1861-1937, |
|
| 700 | 1 |
_aHaig, Wolseley, _cSir, _d1865-1938, |
|
| 700 | 1 |
_aBurn, Richard, _cSir, _d1871-1947, |
|
| 700 | 1 |
_aDodwell, Henry, _d1879-1946, |
|
| 700 | 1 |
_aWheeler, Mortimer, _d1890-1976, |
|
| 740 | 0 | _aIndus civilization. | |
| 942 |
_2ddc _cBK |
||